[Event "Montevideo Duchamp Cup 7th"]
[Site "Montevideo"]
[Date "2024.02.03"]
[Round "3"]
[White "De la Torre, Andres"]
[Black "Amaral, Francisco"]
[Result "1/2-1/2"]
[WhiteElo "1582"]
[BlackElo "1768"]
[PlyCount "170"]
[EventDate "2024.02.01"]
[EventType "swiss"]
[EventRounds "9"]
[EventCountry "URU"]
[SourceTitle "CB07_2024"]
[SourceDate "2024.02.14"]
[SourceVersion "1"]
[SourceVersionDate "2024.02.14"]
[SourceQuality "1"]

1. Nf3 c5 2. g3 Nc6 3. Bg2 g6 4. d3 Bg7 5. e4 d6 6. 0-0 e5 7. Bg5 f6 8. Be3 Nge7 9. Nbd2 Be6 10. c3 b6 11. b4 0-0 12. bxc5 dxc5 13. Qc2 Qd7 14. Rfd1 Rac8 15. Nf1 Rfd8 16. Qa4 Kh8 17. Kh1 Na5 18. Qxd7 Rxd7 19. d4 Rcd8 20. d5 Rd6 21. N3d2 Bc8 22. f4 f5 23. fxe5 Bxe5 24. Bg5 Re8 25. Bf4 Ng8 26. Bxe5+ Rxe5 27. exf5 Bxf5 28. c4 Nf6 29. Re1 Rxe1 30. Rxe1 Rd7 31. Kg1 Kg7 32. Kf2 Nb7 33. Ne3 Ng4+ 34. Nxg4 Bxg4 35. h3 Rf7+ 36. Kg1 Bc8 37. Re8 Nd6 38. Rd8 Rd7 39. Rxd7+ Bxd7 40. Bf1 Kf6 41. Kf2 a6 42. h4 Bf5 43. Kf3 Ke5 44. g4 Ne4 45. Nxe4 Bxe4+ 46. Ke3 Bc2 47. Be2 h6 48. Bd3 Bd1 49. g5 hxg5 50. hxg5 Bh5 51. Be2 Bxe2 52. Kxe2 Kf5 53. Ke3 Kxg5 54. Ke4 Kf6 55. a4 g5 56. Kf3 Ke5 57. Kg4 b5 58. axb5 a5 59. b6 Kd6 60. Kxg5 a4 61. Kf6 a3 62. b7 Kc7 63. Ke7 a2 64. d6+ Kxb7 65. d7 a1Q 66. d8Q Qe5+ 67. Kf7 Qf4+ 68. Ke6 Qxc4+ 69. Kf5 Qb5 70. Qd5+ Kb6 71. Qd1 Kb7 72. Qd5+ Qc6 73. Ke5 Kb6 74. Qb3+ Qb5 75. Qe6+ Ka5 76. Qa2+ Qa4 77. Qd2+ Qb4 78. Qd8+ Ka4 79. Qd1+ Qb3 80. Qd7+ Kb4 81. Qb7+ Kc3 82. Qf3+ Kc4 83. Qe4+ Kb5 84. Qb7+ Ka4 85. Qa7+ Kb4 1/2-1/2

[Event "Montevideo Trebejos Autumn op"]
[Site "Montevideo"]
[Date "2023.05.10"]
[Round "2"]
[White "Robalez, Cesar"]
[Black "Amaral, Francisco"]
[Result "0-1"]
[WhiteElo "1486"]
[BlackElo "1797"]
[PlyCount "92"]
[EventDate "2023.05.03"]
[EventType "swiss"]
[EventRounds "5"]
[EventCountry "URU"]
[SourceTitle "EXT 2024"]
[Source "ChessBase"]
[SourceDate "2023.10.10"]
[SourceVersion "1"]
[SourceVersionDate "2023.10.10"]
[SourceQuality "1"]

1. d4 Nf6 2. Bf4 e6 3. e3 c5 4. Nf3 Qb6 5. Nbd2 d5 6. Rb1 Nc6 7. c3 Be7 8. Bd3 Bd7 9. Ne5 Rc8 10. Qf3 a6 11. Qh3 Qa5 12. g4 Ne4 13. Nxe4 dxe4 14. Bxe4 cxd4 15. exd4 Bf6 16. Nxd7 Kxd7 17. 0-0 h5 18. g5 Bxg5 19. d5 Bxf4 20. dxc6+ bxc6 21. Rbd1+ Ke7 22. Rd3 g5 23. Rfd1 f5 24. Rd7+ Kf6 25. Bg2 g4 26. Qd3 h4 27. Qd4+ Be5 28. Qa7 g3 29. Rg7 gxf2+ 30. Kxf2 Bc7 31. Qd4+ Qe5 32. Qxe5+ Bxe5 33. Rdd7 Bxh2 34. Rgf7+ Ke5 35. Ra7 Rcd8 36. Ke2 h3 37. Bxc6 Bf4 38. Rad7 Rxd7 39. Rxd7 h2 40. Rd1 Rg8 41. Kf2 Rb8 42. Rb1 Kd6 43. Bh1 Rg8 44. Rd1+ Kc5 45. b3 Rg1 46. Rxg1 Be3+ 0-1

[Event "URU-ch sf2"]
[Site "Colonia del Sacramento"]
[Date "2023.02.20"]
[Round "7"]
[White "Amaral, Francisco"]
[Black "Kulik, Nicolas"]
[Result "1-0"]
[WhiteElo "1784"]
[BlackElo "1745"]
[PlyCount "145"]
[EventDate "2023.02.17"]
[EventType "swiss"]
[EventRounds "7"]
[EventCountry "URU"]
[SourceTitle "CBM 213 Extra"]
[Source "ChessBase"]
[SourceDate "2023.05.31"]
[SourceVersion "1"]
[SourceVersionDate "2023.05.31"]
[SourceQuality "1"]

1. c4 c5 2. Nf3 Nf6 3. d4 cxd4 4. Nxd4 Nc6 5. Nc3 d6 6. e4 e5 7. Nc2 Be6 8. Be2 Be7 9. 0-0 0-0 10. Be3 Rc8 11. b3 a6 12. Qd3 Nd7 13. Nd5 Nc5 14. Bxc5 dxc5 15. Nce3 Bg5 16. Rad1 Bxe3 17. Nxe3 Nb4 18. Qd2 Qd4 19. Bf3 Rfd8 20. Qe2 Nd3 21. Nd5 Rxd5 22. exd5 Bf5 23. Qe3 e4 24. Be2 Qc3 25. f3 g5 26. fxe4 Nf4 27. Rf3 Bg4 28. Qxf4 gxf4 29. Rxc3 Bxe2 30. Re1 Bg4 31. h3 Bd7 32. Rf3 b5 33. Rxf4 bxc4 34. bxc4 Rb8 35. Re2 Rb1+ 36. Kf2 Kf8 37. e5 Ke7 38. Rxf7+ Kxf7 39. e6+ Bxe6 40. Rxe6 Rb2+ 41. Re2 Rb4 42. Rc2 a5 43. Kf3 a4 44. Ke4 a3 45. Rc3 Rb2 46. Rxa3 Rc2 47. Ra7+ Kf6 48. Kd3 Rxg2 49. Rxh7 Rxa2 50. Rc7 Ke5 51. Rxc5 Ra3+ 52. Kc2 Kd4 53. Rc6 Rc3+ 54. Kb2 Rxh3 55. d6 Ke5 56. c5 Ke6 57. Rc7 Rd3 58. Kc2 Rh3 59. Re7+ Kf6 60. c6 Rh5 61. Rc7 Rc5+ 62. Kd3 Rd5+ 63. Kc4 Rxd6 64. Kc5 Ke6 65. Rh7 Rd1 66. Kb6 Rc1 67. Kb7 Rb1+ 68. Kc8 Kd6 69. c7 Rb2 70. Kd8 Rg2 71. Rh6+ Kd5 72. c8Q Rg8+ 73. Kc7 1-0

[Event "URU-ch sf2"]
[Site "Colonia del Sacramento"]
[Date "2023.02.20"]
[Round "6"]
[White "Errazola, Mauricio"]
[Black "Amaral, Francisco"]
[Result "1-0"]
[WhiteElo "1622"]
[BlackElo "1784"]
[PlyCount "93"]
[EventDate "2023.02.17"]
[EventType "swiss"]
[EventRounds "7"]
[EventCountry "URU"]
[SourceTitle "CBM 213 Extra"]
[Source "ChessBase"]
[SourceDate "2023.05.31"]
[SourceVersion "1"]
[SourceVersionDate "2023.05.31"]
[SourceQuality "1"]

1. d4 Nf6 2. Bf4 e6 3. e3 d5 4. Bd3 c5 5. c3 Nc6 6. Nd2 Bd6 7. Bg3 e5 8. dxc5 Bxc5 9. b4 Bd6 10. Nb3 Be6 11. Ne2 Qc7 12. Rc1 Rc8 13. 0-0 0-0 14. Bb1 Ne4 15. Bxe4 dxe4 16. b5 Ne7 17. Qc2 f5 18. h3 b6 19. Rcd1 Nd5 20. Qb2 f4 21. exf4 exf4 22. Ned4 Bf7 23. c4 Nb4 24. Bh4 Bxc4 25. a3 Nd3 26. Rxd3 exd3 27. Rc1 Qf7 28. Nd2 Bd5 29. Nc6 f3 30. Qd4 Bc5 31. Rxc5 bxc5 32. Qxd5 Qxd5 33. Ne7+ Kf7 34. Nxd5 fxg2 35. Kxg2 c4 36. Nc3 Ke6 37. Bg5 Rf7 38. Be3 Ke5 39. Nf3+ Rxf3 40. Kxf3 Rf8+ 41. Kg2 Rf7 42. a4 Kd6 43. a5 Rb7 44. Kf3 Rf7+ 45. Ke4 Re7+ 46. Kd4 Rc7 47. Bf4+ 1-0

[Event "Montevideo Trebejos Primavera op"]
[Site "Montevideo"]
[Date "2022.10.31"]
[Round "3"]
[White "Ramos Correa, Gabriel"]
[Black "Amaral, Francisco"]
[Result "1-0"]
[WhiteElo "1882"]
[BlackElo "1788"]
[PlyCount "81"]
[EventDate "2022.10.17"]
[EventType "swiss"]
[EventRounds "6"]
[EventCountry "URU"]
[SourceTitle "EXT 2024"]
[Source "ChessBase"]
[SourceDate "2023.10.10"]
[SourceVersion "1"]
[SourceVersionDate "2023.10.10"]
[SourceQuality "1"]

1. d4 Nf6 2. Nc3 d5 3. Bf4 a6 4. e3 e6 5. Bd3 b5 6. Nf3 Bb7 7. Ne5 Nbd7 8. a3 c5 9. 0-0 Qb6 10. Be2 Nxe5 11. Bxe5 Nd7 12. Bg3 Bd6 13. Bxd6 Qxd6 14. Bf3 b4 15. dxc5 Qxc5 16. Na4 Qb5 17. axb4 Qxb4 18. c3 Qb5 19. Qd4 0-0 20. Rfe1 Rfc8 21. Be2 Qc6 22. f3 e5 23. Qd2 Nb6 24. Nxb6 Qxb6 25. Ra3 Rd8 26. Rd1 Rd6 27. Kh1 Rad8 28. Qc1 Rh6 29. c4 d4 30. e4 Rc8 31. Qd2 Rd6 32. Bd3 Rg6 33. b4 Qf6 34. c5 Qh4 35. Qe1 Qh5 36. Rda1 f5 37. exf5 Rxg2 38. Bc4+ Kh8 39. Kxg2 Qxf5 40. Bxa6 Qg4+ 41. Qg3 1-0

[Event "Montevideo Trebejos 50 Anniv op"]
[Site "Montevideo"]
[Date "2022.09.23"]
[Round "7"]
[White "Perez Selios, Luis"]
[Black "Amaral, Francisco"]
[Result "0-1"]
[WhiteElo "1637"]
[BlackElo "1728"]
[PlyCount "96"]
[EventDate "2022.09.17"]
[EventType "swiss"]
[EventRounds "9"]
[EventCountry "URU"]
[SourceTitle "EXT 2023"]
[Source "ChessBase"]
[SourceDate "2022.10.05"]
[SourceVersion "1"]
[SourceVersionDate "2022.10.05"]
[SourceQuality "1"]

1. e4 c5 2. d4 cxd4 3. c3 d3 4. Bxd3 d6 5. Nf3 Nf6 6. 0-0 Bg4 7. h3 Bxf3 8. Qxf3 Nc6 9. Be3 g6 10. Nd2 Bg7 11. Rad1 0-0 12. Qe2 Qc7 13. f4 Nd7 14. Qf2 a5 15. Nf3 a4 16. a3 Na5 17. Qh4 Nb3 18. Bc2 Nb6 19. f5 f6 20. fxg6 hxg6 21. e5 Qc4 22. Bxb3 Qxb3 23. exd6 exd6 24. Rf2 Qxd1+ 25. Kh2 Qb3 26. Qg4 Rae8 27. Bd4 Nc4 28. Nh4 Ne5 29. Qg3 Qe6 30. Nxg6 Nxg6 31. Qxg6 Qe4 32. Qg3 Re5 33. Rf4 Qe1 34. Qf3 Rg5 35. h4 Rb5 36. Re4 Qb1 37. Qg4 Re5 38. Bxe5 dxe5 39. Qe6+ Kh8 40. Rg4 Qxb2 41. h5 Qd2 42. Qe7 Qh6 43. g3 f5 44. Rxa4 Bf6 45. Qxb7 Qxh5+ 46. Kg2 f4 47. Ra7 Rg8 48. a4 Rxg3+ 0-1

[Event "Montevideo Trebejos 50 Anniv op"]
[Site "Montevideo"]
[Date "2022.09.22"]
[Round "6"]
[White "Amaral, Francisco"]
[Black "Pichuaga, Juan Pablo"]
[Result "1/2-1/2"]
[WhiteElo "1728"]
[BlackElo "2009"]
[PlyCount "50"]
[EventDate "2022.09.17"]
[EventType "swiss"]
[EventRounds "9"]
[EventCountry "URU"]
[SourceTitle "EXT 2023"]
[Source "ChessBase"]
[SourceDate "2022.10.05"]
[SourceVersion "1"]
[SourceVersionDate "2022.10.05"]
[SourceQuality "1"]

1. e4 c6 2. c4 g6 3. Nc3 Bg7 4. d4 d6 5. Be3 Qc7 6. Qd2 Nd7 7. f4 Ngf6 8. Be2 0-0 9. e5 Ne8 10. Nf3 Nb6 11. Rc1 Qd8 12. 0-0 Nc7 13. Rcd1 d5 14. b3 dxc4 15. bxc4 Be6 16. d5 cxd5 17. Bxb6 axb6 18. cxd5 Bg4 19. h3 Bxf3 20. Rxf3 Na6 21. d6 exd6 22. Qxd6 Nc5 23. Bc4 Re8 24. Nb5 Bf8 25. Qxd8 Rexd8 1/2-1/2

[Event "Montevideo Miercoles Trebejos 2nd"]
[Site "Montevideo"]
[Date "2022.08.10"]
[Round "4"]
[White "Amaral, Francisco"]
[Black "Avedisian, Alexander"]
[Result "1/2-1/2"]
[WhiteElo "1709"]
[BlackElo "1860"]
[PlyCount "49"]
[EventDate "2022.07.20"]
[EventType "swiss"]
[EventRounds "6"]
[EventCountry "URU"]
[SourceTitle "EXT 2024"]
[Source "ChessBase"]
[SourceDate "2023.10.10"]
[SourceVersion "1"]
[SourceVersionDate "2023.10.10"]
[SourceQuality "1"]

1. e4 c5 2. Nf3 g6 3. d4 cxd4 4. Qxd4 Nf6 5. e5 Nc6 6. Qa4 Nd5 7. Qe4 Ndb4 8. Bb5 Bg7 9. Nc3 0-0 10. Ba4 d5 11. exd6 exd6 12. Bxc6 Nxc6 13. 0-0 Bf5 14. Qa4 Re8 15. Bg5 Bf6 16. Bxf6 Qxf6 17. Nd5 Qd8 18. Rfe1 Be6 19. Qe4 Bxd5 20. Qxd5 Ne5 21. Nxe5 dxe5 22. Rxe5 Qxd5 23. Rxd5 Re2 24. Rc5 Rd8 25. Rc7 1/2-1/2

[Event "URU-ch sf"]
[Site "Montevideo"]
[Date "2022.02.28"]
[Round "6"]
[White "Blanco, Rudemar Ernesto"]
[Black "Amaral, Francisco"]
[Result "0-1"]
[WhiteElo "1549"]
[BlackElo "1672"]
[PlyCount "120"]
[EventDate "2022.02.26"]
[EventType "swiss"]
[EventRounds "7"]
[EventCountry "URU"]
[SourceTitle "CBM 207 Extra"]
[Source "ChessBase"]
[SourceDate "2022.05.31"]
[SourceVersion "1"]
[SourceVersionDate "2022.05.31"]
[SourceQuality "1"]

1. d4 Nf6 2. Bf4 d5 3. e3 c5 4. c3 Qb6 5. Qb3 c4 6. Qxb6 axb6 7. Nd2 Nc6 8. Be2 Bf5 9. Ngf3 e6 10. h3 b5 11. 0-0 Be7 12. Ne5 0-0 13. g4 Bg6 14. Nxg6 hxg6 15. Kg2 Nd7 16. Nf3 f6 17. Bg3 Ra6 18. a3 Nd8 19. Nh4 Kf7 20. f4 f5 21. gxf5 gxf5 22. Bh5+ Kg8 23. Ng6 Rf7 24. Nxe7+ Rxe7 25. Bh4 Nf6 26. Bxf6 gxf6 27. Kh2 Rc6 28. Rg1+ Kf8 29. Rg3 Rcc7 30. Rag1 Rg7 31. Rxg7 Rxg7 32. Rxg7 Kxg7 33. Be8 Kf8 34. Bxb5 Nf7 35. Bd7 Ke7 36. Ba4 Kd6 37. Kg3 e5 38. Kh4 Ke7 39. Kh5 Nd6 40. Kg6 b5 41. Bc2 exd4 42. cxd4 c3 43. bxc3 Nc4 44. Bxf5 Nxe3 45. Bd3 Ng2 46. f5 Nf4+ 47. Kg7 Nxd3 48. h4 Nf4 49. Kg8 Nh5 50. Kh7 Kf7 51. Kh6 Ng7 52. Kh7 Nxf5 53. h5 Ng7 54. h6 Nf5 55. a4 bxa4 56. c4 a3 57. c5 a2 58. c6 a1Q 59. c7 Qg1 60. c8Q Qg6+ 0-1

[Event "URU-ch sf"]
[Site "Montevideo"]
[Date "2022.02.28"]
[Round "5"]
[White "Fabra, Nahiara"]
[Black "Amaral, Francisco"]
[Result "1-0"]
[WhiteElo "1397"]
[BlackElo "1672"]
[PlyCount "95"]
[EventDate "2022.02.26"]
[EventType "swiss"]
[EventRounds "7"]
[EventCountry "URU"]
[SourceTitle "CBM 207 Extra"]
[Source "ChessBase"]
[SourceDate "2022.05.31"]
[SourceVersion "1"]
[SourceVersionDate "2022.05.31"]
[SourceQuality "1"]

1. e4 c5 2. d4 cxd4 3. c3 Nf6 4. e5 Nd5 5. Nf3 d6 6. cxd4 e6 7. Bc4 Nb6 8. Bd3 Nc6 9. 0-0 dxe5 10. dxe5 Nd5 11. a3 Bd7 12. Be4 Nde7 13. Nc3 Ng6 14. Qe2 a6 15. Bg5 Qc7 16. Rac1 Rc8 17. Rfd1 Be7 18. Bxg6 hxg6 19. Bxe7 Kxe7 20. Ne4 Qb8 21. Nd6 Rcf8 22. Qd2 Rd8 23. Qg5+ Kf8 24. Qf4 Be8 25. Ng5 Rd7 26. Nxe6+ Ke7 27. Nxg7 Kd8 28. Ngxe8 Rxe8 29. Nxe8 Rxd1+ 30. Rxd1+ Kxe8 31. Re1 Qd8 32. e6 f6 33. e7 Qa5 34. Qe3 Ne5 35. h3 g5 36. b4 Qd5 37. Qe4 Qd2 38. Qe3 Qb2 39. Qc1 Qd4 40. Qc8+ Kxe7 41. Qxb7+ Ke6 42. Qxa6+ Kf5 43. Qa5 Qc3 44. Rxe5+ fxe5 45. g4+ Kf4 46. Kh2 Qd4 47. Qc5 Qb2 48. Qe3# 1-0

[Event "URU-ch sf"]
[Site "Montevideo"]
[Date "2022.02.27"]
[Round "3"]
[White "Amaral, Francisco"]
[Black "Nakle, Gonzalo"]
[Result "1-0"]
[WhiteElo "1672"]
[BlackElo "1593"]
[PlyCount "71"]
[EventDate "2022.02.26"]
[EventType "swiss"]
[EventRounds "7"]
[EventCountry "URU"]
[SourceTitle "CBM 207 Extra"]
[Source "ChessBase"]
[SourceDate "2022.05.31"]
[SourceVersion "1"]
[SourceVersionDate "2022.05.31"]
[SourceQuality "1"]

1. e4 a6 2. g3 e5 3. Bg2 Bc5 4. Nc3 d6 5. d3 h6 6. Nge2 Nc6 7. Nd5 Nge7 8. c4 Nxd5 9. cxd5 Nd4 10. Nc3 Bd7 11. 0-0 0-0 12. Kh1 f5 13. f4 b5 14. Ne2 fxe4 15. dxe4 Bg4 16. Re1 Nxe2 17. Rxe2 Bxe2 18. Qxe2 Qe7 19. Bh3 Rae8 20. Be6+ Kh7 21. f5 Qf6 22. Qh5 g5 23. Bd2 Rxe6 24. dxe6 d5 25. Rf1 dxe4 26. Qe2 Rd8 27. Ba5 e3 28. Qc2 Rd5 29. g4 Bd6 30. Qe4 Rd4 31. Qxe3 Rxg4 32. Qd3 Rd4 33. Qe3 e4 34. Bc3 Qe5 35. Qg1 Qd5 36. Qxd4 1-0

[Event "Montevideo Duchamp Cup 5th"]
[Site "Montevideo"]
[Date "2022.02.19"]
[Round "9"]
[White "Quevedo, Andreina"]
[Black "Amaral, Francisco"]
[Result "1/2-1/2"]
[WhiteElo "1867"]
[BlackElo "1672"]
[PlyCount "72"]
[EventDate "2022.02.12"]
[EventType "swiss"]
[EventRounds "9"]
[EventCountry "URU"]
[SourceTitle "CBM 206 Extra"]
[Source "ChessBase"]
[SourceDate "2022.03.31"]
[SourceVersion "1"]
[SourceVersionDate "2022.03.31"]
[SourceQuality "1"]

1. e4 c5 2. Nf3 e6 3. d4 cxd4 4. Nxd4 a6 5. c4 Nf6 6. Nc3 Bb4 7. Nc2 Bxc3+ 8. bxc3 Nxe4 9. Qg4 f5 10. Qxg7 Qf6 11. Qxf6 Nxf6 12. Ba3 Nc6 13. Rb1 d5 14. cxd5 Nxd5 15. c4 Nf6 16. Be2 Kf7 17. 0-0 Rd8 18. Rfd1 Rxd1+ 19. Rxd1 e5 20. Bb2 Be6 21. Ne3 e4 22. a3 Rd8 23. Rxd8 Nxd8 24. Kf1 Nc6 25. g3 Ng4 26. Nxg4 fxg4 27. Bc3 Kg6 28. Ke1 Kf5 29. Kd2 Ne5 30. Bxe5 Kxe5 31. Kc3 a5 32. Bd1 Bd7 33. Bc2 b6 34. Bd1 h5 35. Bc2 Bc6 36. Bd1 Bd7 1/2-1/2

[Event "Montevideo Duchamp Cup 5th"]
[Site "Montevideo"]
[Date "2022.02.18"]
[Round "8"]
[White "Amaral, Francisco"]
[Black "Palacio, Enzo"]
[Result "1/2-1/2"]
[WhiteElo "1672"]
[BlackElo "1896"]
[PlyCount "83"]
[EventDate "2022.02.12"]
[EventType "swiss"]
[EventRounds "9"]
[EventCountry "URU"]
[SourceTitle "CBM 206 Extra"]
[Source "ChessBase"]
[SourceDate "2022.03.31"]
[SourceVersion "1"]
[SourceVersionDate "2022.03.31"]
[SourceQuality "1"]

1. e4 c5 2. Nf3 d6 3. d4 cxd4 4. Nxd4 Nf6 5. Nc3 a6 6. Be2 e5 7. Nb3 Be7 8. Be3 Be6 9. Nd5 Nbd7 10. Nxe7 Qxe7 11. f3 d5 12. exd5 Nxd5 13. Qd2 Nxe3 14. Qxe3 Rc8 15. Bd3 0-0 16. 0-0 f5 17. Rfd1 Qf7 18. Rac1 Rfd8 19. Re1 g6 20. a3 Re8 21. Nd2 b5 22. a4 Bc4 23. axb5 axb5 24. b3 Bxd3 25. Qxd3 Rc5 26. c4 Rec8 27. Rc2 Qe6 28. Rec1 Qc6 29. b4 bxc4 30. Rxc4 Rxc4 31. Rxc4 Qb6+ 32. Kf1 Rxc4 33. Qxc4+ Kg7 34. Nb3 Qd6 35. Ke2 Nf6 36. Qc5 Qa6+ 37. b5 Qa2+ 38. Nd2 Nd5 39. g3 e4 40. fxe4 fxe4 41. Qc4 Qxc4+ 42. Nxc4 1/2-1/2

[Event "Montevideo Duchamp Cup 5th"]
[Site "Montevideo"]
[Date "2022.02.15"]
[Round "5"]
[White "Durante, Aurelio"]
[Black "Amaral, Francisco"]
[Result "1/2-1/2"]
[WhiteElo "1944"]
[BlackElo "1672"]
[PlyCount "86"]
[EventDate "2022.02.12"]
[EventType "swiss"]
[EventRounds "9"]
[EventCountry "URU"]
[SourceTitle "CBM 206 Extra"]
[Source "ChessBase"]
[SourceDate "2022.03.31"]
[SourceVersion "1"]
[SourceVersionDate "2022.03.31"]
[SourceQuality "1"]

1. e4 e5 2. Nf3 Nf6 3. Nxe5 d6 4. Nf3 Nxe4 5. Nc3 Nxc3 6. dxc3 Be7 7. Bd3 Nd7 8. Bf4 Nf6 9. Qd2 Bg4 10. 0-0-0 Qd7 11. Kb1 0-0 12. Rde1 Rfe8 13. Nd4 a6 14. f3 c5 15. Ne2 Bf5 16. Bxf5 Qxf5 17. g4 Qd7 18. Ng3 Bf8 19. h4 Rxe1+ 20. Rxe1 d5 21. Bg5 Ne8 22. Nf5 f6 23. Bf4 Rd8 24. Qe2 Nc7 25. Ne7+ Kf7 26. Bxc7 Re8 27. Qd3 Rxe7 28. Rxe7+ Bxe7 29. Bf4 g6 30. c4 d4 31. h5 f5 32. b3 Bg5 33. Be5 Bf6 34. Bg3 fxg4 35. Qxg6+ Ke7 36. Qe4+ Kf7 37. fxg4 Qe7 38. Qd5+ Ke8 39. Qg8+ Kd7 40. Qd5+ Ke8 41. Qg8+ Kd7 42. Qb8 Ke6 43. Qc8+ Kf7 1/2-1/2

[Event "Montevideo Duchamp Cup 5th"]
[Site "Montevideo"]
[Date "2022.02.12"]
[Round "1"]
[White "Amaral, Francisco"]
[Black "Umetsubo, Cesar Hidemitsu"]
[Result "0-1"]
[WhiteElo "1672"]
[BlackElo "2402"]
[PlyCount "90"]
[EventDate "2022.02.12"]
[EventType "swiss"]
[EventRounds "9"]
[EventCountry "URU"]
[SourceTitle "CBM 206 Extra"]
[Source "ChessBase"]
[SourceDate "2022.03.31"]
[SourceVersion "1"]
[SourceVersionDate "2022.03.31"]
[SourceQuality "1"]

1. c4 c5 2. g3 Nf6 3. Bg2 d5 4. cxd5 Nxd5 5. Nc3 Nc7 6. Nf3 Nc6 7. d3 e5 8. 0-0 Be7 9. Rb1 Be6 10. a3 f6 11. Be3 0-0 12. Ne4 b6 13. Nfd2 Nd5 14. Nc3 Nxe3 15. fxe3 Rc8 16. Qa4 Qd7 17. Rf2 Rfd8 18. Bxc6 Qxc6 19. Qxc6 Rxc6 20. b3 a6 21. a4 Rb8 22. Rff1 Rc7 23. e4 Ra7 24. Kg2 Kf7 25. Nc4 Ke8 26. Nd5 b5 27. Nce3 Bd7 28. Nxe7 Kxe7 29. Nd5+ Kd6 30. axb5 Rxb5 31. b4 cxb4 32. Rxb4 Rxb4 33. Nxb4 a5 34. Nc2 a4 35. Ra1 Be6 36. Kf3 Bb3 37. Na3 Kc5 38. Ke3 Kb4 39. Kd2 Rc7 40. e3 Bf7 41. Nc2+ Kb3 42. Rb1+ Ka2 43. Rb6 Bb3 44. Nb4+ Kb2 45. d4 Rc4 0-1

[Event "Montevideo Trebejos op 08"]
[Site "Montevideo"]
[Date "2021.08.21"]
[Round "3"]
[White "Amaral, Francisco"]
[Black "Montoli, Sebastian"]
[Result "0-1"]
[WhiteElo "1651"]
[BlackElo "1845"]
[PlyCount "46"]
[EventDate "2021.08.20"]
[EventType "swiss"]
[EventRounds "5"]
[EventCountry "URU"]
[SourceTitle "CBM 204 Extra"]
[Source "ChessBase"]
[SourceDate "2021.11.30"]
[SourceVersion "1"]
[SourceVersionDate "2021.11.30"]
[SourceQuality "1"]

1. d4 d5 2. Nf3 Nf6 3. c4 e6 4. g3 Bb4+ 5. Nbd2 0-0 6. Bg2 dxc4 7. 0-0 c3 8. bxc3 Bxc3 9. Rb1 Bxd4 10. Nxd4 Qxd4 11. Rxb7 Bxb7 12. Bxb7 Nbd7 13. Bxa8 Rxa8 14. Qc2 Qc5 15. Qd3 Ne5 16. Qb3 Rd8 17. Nf3 Nxf3+ 18. exf3 Qd5 19. Qc3 c5 20. Be3 Rc8 21. Kg2 Qxa2 22. Ra1 Nd5 23. Qxc5 Nxe3+ 0-1

[Event "Montevideo Trebejos op 03"]
[Site "Montevideo"]
[Date "2021.07.12"]
[Round "5"]
[White "Amaral, Francisco"]
[Black "Barboza, Mauro"]
[Result "1-0"]
[WhiteElo "1600"]
[BlackElo "1839"]
[PlyCount "51"]
[EventDate "2021.03.08"]
[EventType "swiss"]
[EventRounds "6"]
[EventCountry "URU"]
[SourceTitle "EXT 2022"]
[Source "ChessBase"]
[SourceDate "2021.10.06"]
[SourceVersion "1"]
[SourceVersionDate "2021.10.06"]
[SourceQuality "1"]

1. c4 Nf6 2. Nc3 e6 3. e4 d6 4. d4 Be7 5. Be2 Nbd7 6. Nf3 e5 7. 0-0 c6 8. Qc2 0-0 9. Be3 Ng4 10. Nd2 Nxe3 11. fxe3 Bg5 12. Qd3 Qb6 13. Nb3 exd4 14. exd4 Ne5 15. Qg3 Bh6 16. c5 dxc5 17. Qxe5 cxd4 18. Na4 Be3+ 19. Kh1 Qb4 20. Nac5 a5 21. Qc7 d3 22. Nxd3 Qxe4 23. Rad1 a4 24. Nbc5 Bxc5 25. Nxc5 Qxe2 26. Qxf7+ 1-0